Pakistani mussalmanoon ke rasoom wa rewaj (Record no. 292571)

000 -LEADER
fixed length control field 00313 a2200121 4500
001 - CONTROL NUMBER
control field 57498
082 ## - DEWEY DECIMAL CLASSIFICATION NUMBER
Classification number 390.5491 SHA
090 ## - LOCALLY ASSIGNED LC-TYPE CALL NUMBER (OCLC); LOCAL CALL NUMBER (RLIN)
-- 35228
-- 35228
100 ## - MAIN ENTRY--PERSONAL NAME
Personal name Shahid Hussain Razaq
245 ## - TITLE STATEMENT
Title Pakistani mussalmanoon ke rasoom wa rewaj
260 ## - PUBLICATION, DISTRIBUTION, ETC.
Place of publication, distribution, etc. Lahore
Name of publisher, distributor, etc. Sang-e- Meel Publications
Date of publication, distribution, etc. 1996
300 ## - PHYSICAL DESCRIPTION
Extent 244p
942 ## - ADDED ENTRY ELEMENTS (KOHA)
Institution code [OBSOLETE] NUST-CAE
Call number prefix 390.5491 SHA
Holdings
Withdrawn status Lost status Damaged status Not for loan Collection code Permanent Location Current Location Date acquired Total Checkouts Full call number Barcode Date last seen Price effective from Koha item type
          College of Aeronautical Engineering (CAE) College of Aeronautical Engineering (CAE) 04/03/2017   390.5491 SHA CAE74591 04/05/2017 04/05/2017 Book
© 2023 Central Library, National University of Sciences and Technology. All Rights Reserved.